| 000 | 00499nam a2200181Ia 4500 | ||
|---|---|---|---|
| 001 | 3576 | ||
| 005 | 20260306145653.0 | ||
| 008 | 260306t2018||||xx |||||||||||||| ||spa|| | ||
| 041 | _aESP | ||
| 082 |
_a289.94 _bP45 |
||
| 100 |
_aPérez Guadalupe, José Luis _eAUT |
||
| 245 | 0 |
_aEntre Dios y el César: _bel impacto político de los evangélicos en el Perú y América Latina |
|
| 260 | _c2018 | ||
| 300 |
_a234 páginas : _c24 cm. |
||
| 650 | _aGEN | ||
| 654 | _aCHU | ||
| 942 |
_cLIB _dJUS _fJUS _2ddc _n |
||
| 999 |
_c3576 _d3576 |
||